000 00463nam a2200181Ia 4500
005 20250326123756.0
008 250326s9999 xx 000 0 und d
037 _aTextbook
040 _aFMSL
_beng
_cFMSL
041 _aeng
_2eng
084 _aS K4
_qFMSL
100 _aMurphy G
_9736070
245 0 _aInteroducation to psychology
_cMurphy G
260 _aNY
_bNY, Oxford
_c1964
300 _a581p
942 _cTB
_hS K4
999 _c1270910
_d1270910